Ecclesiastica Rhetoricae sive de ratione concionandi (Record no. 8302)

MARC details
000 -CABECERA
campo de control de longitud fija 00800nam a2200229 a 4500
001 - NÚMERO DE CONTROL
campo de control BRCA_8642
003 - IDENTIFICADOR DEL NÚMERO DE CONTROL
campo de control FranzMayer
005 - FECHA Y HORA DE LA ÚLTIMA TRANSACCIÓN
campo de control 20230724143421.0
008 - DATOS DE LONGITUD FIJA--INFORMACIÓN GENERAL
campo de control de longitud fija 041017s--------it-#######---#000-0#lat-#
040 ## - FUENTE DE LA CATALOGACIÓN
Centro/agencia transcriptor MFM
084 ## - OTRO NÚMERO DE CLASIFICACIÓN
Número de clasificación BE35
Número de documento/Ítem .G73
100 1# - ENTRADA PRINCIPAL--NOMBRE DE PERSONA
Nombre de persona Granatensi, Lvdovico
9 (RLIN) 21570
245 10 - MENCIÓN DE TÍTULO
Título Ecclesiastica Rhetoricae sive de ratione concionandi
Mención de responsabilidad, etc. avctore R.P.M.F. Lvdovico Granatensi; cvrante Ioh. Baptista Munnozio.
260 ## - PUBLICACIÓN, DISTRIBUCIÓN, ETC.
Lugar de publicación, distribución, etc. Valentiae hedetanorvm
Nombre del editor, distribuidor, etc. in oficina vidvae Iosephi de Orga
300 ## - DESCRIPCIÓN FÍSICA
Extensión 516 p.
Dimensiones 20.5 x 15.5 cm
500 ## - NOTA GENERAL
Nota general Svperiorvm permissv
500 ## - NOTA GENERAL
Nota general Estado físico: presenta encuadernación en pergamino con presencia del pez de plata, cantos decorados y cintas
650 14 - PUNTO DE ACCESO ADICIONAL DE MATERIA--TÉRMINO DE MATERIA
Término de materia o nombre geográfico como elemento de entrada Retorica
9 (RLIN) 87
700 1# - PUNTO DE ACCESO ADICIONAL--NOMBRE DE PERSONA
Nombre de persona Baptista Mvnnozio
9 (RLIN) 21571
902 ## - CATALOGADOR
Iniciales CFM
942 ## - ELEMENTOS DE PUNTO DE ACCESO ADICIONAL (KOHA)
Fuente del sistema de clasificación o colocación Library of Congress Classification
Tipo de ítem Koha Libros
Holdings
Estado de retiro Estado de pérdida Fuente del sistema de clasificación o colocación Estado dañado No para préstamo Código de colección Localización permanente Ubicación/localización actual Fecha de adquisición Fuente de adquisición Total de préstamos Signatura topográfica completa Código de barras Fecha visto por última vez Precio válido a partir de Tipo de ítem Koha
El ejemplar forma parte de la colección y puede ser consultado según las políticas vigentes.   Library of Congress Classification     Conventual Franz Mayer Biblioteca del Museo Franz Mayer (Rogerio Casas-Alatriste) Biblioteca del Museo Franz Mayer (Rogerio Casas-Alatriste) 23/09/2016 Donación   BE35 .G73 CFM00032 22/03/2019 22/03/2019 Libros